| 000 | 00783nam a2200229 i 4500 | ||
|---|---|---|---|
| 001 | 183207 | ||
| 003 | ES-MaACL | ||
| 005 | 20250825235701.0 | ||
| 008 | 140129s2003 sp b |||| | spa d | ||
| 020 | _a84-339-6199-3 | ||
| 080 | _a523.31 | ||
| 245 | 0 | 3 |
_aLa historia más bella de la Tierra / _cAndré Brahic ... [et al.] ; traducción de Óscar Luis Molina S. |
| 260 |
_aBarcelona : _bAnagrama, _c[2003] |
||
| 300 |
_a189 p. : _bmapas ; _c22 cm. |
||
| 490 | 1 |
_aColección argumentos ; _v306 |
|
| 651 | 7 |
_aTierra (Planeta) _2 _9155244 |
|
| 700 | 1 |
_aBrahic, André. _9154308 |
|
| 700 | 1 |
_aMolina S., Óscar Luis. _9156706 |
|
| 830 | 0 |
_aColección argumentos ; _v306 _9178071 |
|
| 852 |
_aES-MaACL _jL-30027 _z.- Donat. Miguel A. Velasco |
||
| 999 |
_c183207 _d183207 |
||